000 01040cam a22003131 4500
001 000014363
005 20200929163606.0
008 830112s1967 sp b 000 0 spa
010 _a68043098
035 _a(DLC) 68043098
035 _a(OCoLC)9121862
040 _aDO-SdBNP
_bspa
_dBNPHU
050 0 0 _aDT352.8
_b.M6
082 _axxx
_bM829n
100 1 _aMorán, Fernando,
_d1926-
_932429
245 1 3 _aEl nuevo reino :
_bensayo sobre el sentido de la política en Africa Negra /
_cFernando Morán.
260 _aMadrid :
_bTecnos,
_c1967.
300 _a256 p. ;
_c24 cm.
490 1 _aCiencias Sociales
_aSociología
490 1 _aSemilla y surco
_asociología
504 _aIncluye referencias bibliográficas y notas al pie de las páginas
504 _aNotas bibliográficas.
651 0 _aAfrica, Sub-Saharan
_xPolitics And Government.
_932430
830 0 _aCiencias Sociales
_psociología
_932431
830 0 _aSemilla y surco
_psociología
_932432
910 _aCatalogación derivada
082 _a967
049 _aBNGR
999 _c13955
_d13955